[Event "British Chess Championships 2023: U10 Championship"]
[Site "De Montfort University, 20 Western Boulevard, Leicester, LE2 7BU"]
[Date "2023.07.26"]
[Round "2"]
[Board "1"]
[White "Zhao, George"]
[Black "Katukuri, Aarav"]
[Result "1-0"]
[WhiteElo "1907"]
[BlackElo "1485"]
[PlyCount "0"]
[EventDate "2023.07.25"]
[EventRounds "7"]
[EventCountry "ENG"]

1. d4 d5 2. Nf3 Bf5 3. g3 Nf6 4. Bg2 e6 5. O-O h6 6. Nbd2 Bd6 7. c4 c6 8. a3 O-O
9. b4 Ne4 10. Bb2 Nxd2 11. Nxd2 Nd7 12. e4 dxe4 13. Nxe4 Bxe4 14. Bxe4 Nf6 15. Bf3
Be7 16. Qc2 Rc8 17. Rad1 Qd7 18. Qb3 b5 19. Rfe1 bxc4 20. Qxc4 Nd5 21. Rc1 Bf6 22.
Qa6 Rc7 23. Rc2 Rb8 24. Be4 Rb6 25. Qd3 Rbb7 26. Rec1 g6 27. Qf3 Bg7 28. Rc4 Rb5
29. Ba1 a6 30. a4 Rbb7 31. Bc3 Kh7 32. Bd2 Kg8 33. a5 Rb5 34. Bd3 Rbb7 35. Qd1 Rb8
36. Qa4 Ne7 37. Be4 Bxd4 38. Bxh6 Kh7 39. Rd1 c5 40. Qc2 Kxh6 41. Rdxd4 cxd4 42.
Rxc7 Qd6 43. Rc4 Kg7 44. Qd2 e5 45. h4 Nd5 46. Bxd5 Qxd5 47. Rc5 Qe4 48. Kh2 d3 49.
Rc3 Rxb4 50. Rxd3 Rd4 51. Rxd4 Qxd4 52. Qxd4 exd4 53. Kg2 f5 54. Kf3 Kf6 55. Ke2
Ke5 56. Kd3 Kd5 57. f3 Kc5 58. g4 fxg4 59. fxg4 Kb4 60. h5 gxh5 61. gxh5 Kxa5 62.
h6 Kb4 63. h7 a5 64. h8=Q a4 65. Qxd4+ Kb3 66. Qa1 a3 67. Kd2 a2 68. Kd3 Ka3 69.
Kc4 Ka4 70. Qxa2#  1-0

[Event "British Chess Championships 2023: U10 Championship"]
[Site "De Montfort University, 20 Western Boulevard, Leicester, LE2 7BU"]
[Date "2023.07.26"]
[Round "2"]
[Board "2"]
[White "Zhang, Lionel"]
[Black "Kryshtafor, Maksym"]
[Result "0-1"]
[WhiteElo "1475"]
[BlackElo "1858"]
[PlyCount "0"]
[EventDate "2023.07.25"]
[EventRounds "7"]
[EventCountry "ENG"]

1. e4 e5 2. Nf3 Nc6 3. Bc4 Bc5 4. O-O Nf6 5. Re1 d6 6. h3 Be6 7. Bb3 Qd7 8. Bxe6
fxe6 9. d3 O-O-O 10. c3 h6 11. a4 a5 12. d4 exd4 13. cxd4 Bb4 14. Bd2 g5 15. Bxb4
Nxb4 16. Nh2 h5 17. g3 d5 18. e5 Ne4 19. Nc3 Qh7 20. Nxe4 dxe4 21. Re3 Nc6 22. Qc2
Rxd4 23. Rae1 Rhd8 24. Rxe4 Nxe5 25. Qe2 Rd2 26. Qe3 Nc6 27. Qxg5 Qf5 28. Qxf5 exf5
29. R4e2 Rxe2 30. Rxe2 Rd4 31. Re8+ Kd7 32. Rh8 Rxa4 33. Rxh5 Rb4 34. Rxf5 Rxb2 35.
h4 a4 36. Rf3 Rb3 37. Rxb3 axb3 38. Nf3 b2 39. Nd2 Ne5 40. Nb1 c5 41. Kf1 c4 42.
Ke2 b5 43. Kd2 b4 44. Kc2 c3 45. Kb3 Nf3 46. Ka2 Nd2  0-1

[Event "British Chess Championships 2023: U10 Championship"]
[Site "De Montfort University, 20 Western Boulevard, Leicester, LE2 7BU"]
[Date "2023.07.26"]
[Round "2"]
[Board "3"]
[White "Pitel, Benedikt"]
[Black "Anjulan, Ashwin"]
[Result "1/2-1/2"]
[WhiteElo "1817"]
[BlackElo "1466"]
[PlyCount "0"]
[EventDate "2023.07.25"]
[EventRounds "7"]
[EventCountry "ENG"]

1. e4 e6 2. d4 d5 3. e5 c5 4. c3 Nc6 5. Nf3 Qb6 6. Bd3 Nge7 7. O-O Ng6 8. Re1 Be7
9. h3 O-O 10. Be2 cxd4 11. cxd4 Bd7 12. Nc3 f6 13. exf6 Bxf6 14. Na4 Qc7 15. Be3
e5 16. dxe5 Ncxe5 17. Qxd5+ Kh8 18. Nxe5 Nxe5 19. Nc5 Bc6 20. Qb3 Qc8 21. Rac1 Qf5
22. Ne6 Qg6 23. Rxc6 bxc6 24. Nxf8 Rxf8 25. Bxa7 Bd8 26. Be3 Bc7 27. Qa3 Rd8 28.
Qe7 Qd6 29. Qxd6 Bxd6 30. Rd1 Nc4 31. Bf4 Re8 32. Bh5 g6 33. Bxg6 hxg6 34. Bxd6 Nxb2
35. Rb1 Nc4 36. Bg3 Re6 37. a4 c5 38. Rc1 Nb2 39. a5 c4 40. Rc2 Nd3 41. Rxc4 Ra6
42. Rd4 Nc5 43. Rd8+ Kg7 44. Be5+ Kf7 45. Bc3 Ke6 46. Rg8 Kf7 47. Rg7+ Kf8 48. Rc7
Nb3 49. Kh2 Nxa5 50. Bxa5 Rxa5 51. g4 Ra2 52. Kg3 Ra3+ 53. f3 Ra5 54. f4 Rb5 55.
g5 Rb1 56. Rc6 Kf7 57. Rf6+ Kg7 58. f5 Rb3+ 59. Kg4 Rb4+ 60. Kf3 Rb3+ 61. Kf4 Rb4+
62. Ke5 Rb5+ 63. Kd4 gxf5 64. Rh6 f4 65. h4 f3 66. Ke3 Rf5 67. Kf2 Kf7 68. Ra6 Kg7
69. g6 Rh5 70. Kg3 f2 71. Kxf2 Rxh4  1/2-1/2

[Event "British Chess Championships 2023: U10 Championship"]
[Site "De Montfort University, 20 Western Boulevard, Leicester, LE2 7BU"]
[Date "2023.07.26"]
[Round "2"]
[Board "4"]
[White "Pitel, Dominik"]
[Black "Sasikumar, Srivathsan"]
[Result "0-1"]
[WhiteElo "1413"]
[BlackElo "1792"]
[PlyCount "0"]
[EventDate "2023.07.25"]
[EventRounds "7"]
[EventCountry "ENG"]

1. e4 c5 2. c3 Nf6 3. e5 Nd5 4. d4 cxd4 5. Nf3 Nc6 6. Na3 e6 7. Nxd4 Bxa3 8. bxa3
Nxc3 9. Nxc6 dxc6 10. Qf3 Qd4 11. Bd3 O-O 12. Bb2 Qxe5+ 13. Kf1 Qa5 14. Bxc3 Qxa3
15. Bd4 f5 16. Qg3 Qe7 17. Qe5 b5 18. h3 c5 19. Bc3 Bb7 20. Rh2 Rad8 21. Ke2 Bd5
22. g4 Qg5 23. f4 Qg6 24. g5 Qf7 25. h4 Bf3+ 26. Kxf3 Rxd3+ 27. Ke2 Rfd8 28. Rg1
Qh5+ 29. Ke1 Qd1+ 30. Kf2 Rd2+ 31. Bxd2 Rxd2+ 32. Ke3 Rd3+ 33. Kf2 Qf3+ 34. Ke1 Rd1#
 0-1

[Event "British Chess Championships 2023: U10 Championship"]
[Site "De Montfort University, 20 Western Boulevard, Leicester, LE2 7BU"]
[Date "2023.07.26"]
[Round "2"]
[Board "5"]
[White "Veselow, Zoe"]
[Black "Saharkar, Sharvari"]
[Result "1-0"]
[WhiteElo "1720"]
[BlackElo "1420"]
[PlyCount "0"]
[EventDate "2023.07.25"]
[EventRounds "7"]
[EventCountry "ENG"]

1. e4 e5 2. Nf3 Nc6 3. Bc4 Bc5 4. c3 d6 5. d4 exd4 6. cxd4 Bb6 7. Nc3 h6 8. Bb5 Bd7
9. Be3 Nf6 10. h3 Ne7 11. Bc4 Nxe4 12. Bxf7+ Kxf7 13. Nxe4 d5 14. Ne5+ Kg8 15. Nc3
Rc8 16. g4 c5 17. dxc5 Bxc5 18. Nxd5 Be6 19. Nf4 Qa5+ 20. Bd2 Bxf2+ 21. Kxf2 Qxe5
22. Re1 Qd4+ 23. Kg3 Nf5+ 24. gxf5 Bxf5 25. Bc3 Qb6 26. Qd5+ Kf8 27. Qxf5+ Kg8 28.
Qxc8+ Kh7 29. Qf5+  1-0

[Event "British Chess Championships 2023: U10 Championship"]
[Site "De Montfort University, 20 Western Boulevard, Leicester, LE2 7BU"]
[Date "2023.07.26"]
[Round "2"]
[Board "6"]
[White "Sewart, Daniel"]
[Black "Zhang, Junyi"]
[Result "1/2-1/2"]
[WhiteElo "1374"]
[BlackElo "1686"]
[PlyCount "0"]
[EventDate "2023.07.25"]
[EventRounds "7"]
[EventCountry "ENG"]

1. e4 c5 2. Nf3 Nc6 3. d4 cxd4 4. Nxd4 g6 5. Nc3 Bg7 6. Be3 Nf6 7. f3 O-O 8. Qd2
d5 9. Nxc6 bxc6 10. O-O-O Qc7 11. g4 dxe4 12. Nxe4 Nxe4 13. fxe4 Bxg4 14. Be2 Rab8
15. c3 Bxe2 16. Qxe2 Qa5 17. Qc4 Rb7 18. Rd2 Rfb8 19. Rhd1 e6 20. Rc2 Qb5 21. Qxb5
cxb5 22. Rcd2 h5 23. Rd8+ Kh7 24. Rxb8 Rxb8 25. Bxa7 Rc8 26. Bd4 e5 27. Be3 Rc4 28.
Bb6 b4 29. Ba5 bxc3 30. Bxc3 Rxe4 31. Rd7 f6 32. b4 Rc4 33. Kb2 g5 34. b5 Rc5 35.
a4 Rc8 36. Bb4 f5 37. b6 e4+ 38. Kb3 e3 39. b7 Rb8 40. Bc3 e2 41. Bxg7 Kg6 42. Bc3
f4 43. Re7 f3 44. Be1 Kf6 45. Rc7 h4 46. a5 Rd8 47. Rc8 Rd1 48. Bc3+ Kf5 49. b8=Q
Rb1+ 50. Bb2 e1=Q 51. Rc5+ Kg4 52. Qc8+ Kh5 53. Qh8+ Kg4 54. Qc8+ Kh5 55. Qh8+ Kg4
56. Qc8+ Kh5 57. Qh8+ Kg4 58. Qc8+ Kh5 59. Qh8+ Kg4  1/2-1/2

[Event "British Chess Championships 2023: U10 Championship"]
[Site "De Montfort University, 20 Western Boulevard, Leicester, LE2 7BU"]
[Date "2023.07.26"]
[Round "2"]
[Board "7"]
[White "Shivakumar, Akshath"]
[Black "Ba, Amy"]
[Result "1-0"]
[WhiteElo "1664"]
[BlackElo "1403"]
[PlyCount "0"]
[EventDate "2023.07.25"]
[EventRounds "7"]
[EventCountry "ENG"]

1. d4 Nf6 2. c4 e6 3. Nf3 d5 4. g3 dxc4 5. Bg2 c5 6. e3 Nc6 7. O-O Be7 8. dxc5 Qxd1
9. Rxd1 Bxc5 10. Nbd2 c3 11. bxc3 O-O 12. Nb3 Be7 13. Bb2 h6 14. Nfd4 Nxd4 15. Nxd4
Rb8 16. c4 Bc5 17. Nb5 a6 18. Be5 Ra8 19. Nd6 Bxd6 20. Bxd6 Re8 21. Rab1 e5 22. Bxb7
Bxb7 23. Rxb7 Ne4 24. Bb4 a5 25. Ba3 Nc3 26. Rdd7 Kh8 27. Rxf7 Rg8 28. Bb2 Nxa2 29.
Bxe5 a4 30. Bxg7+ Kh7 31. h4 h5 32. f4 a3 33. f5 Rge8 34. Bd4+ Kg8 35. Rg7+ Kh8 36.
Rh7+ Kg8 37. Rbg7+ Kf8 38. Rh8#  1-0

[Event "British Chess Championships 2023: U10 Championship"]
[Site "De Montfort University, 20 Western Boulevard, Leicester, LE2 7BU"]
[Date "2023.07.26"]
[Round "2"]
[Board "8"]
[White "Sriram, Gautam"]
[Black "Railwani, Tavish"]
[Result "0-1"]
[WhiteElo "1305"]
[BlackElo "1636"]
[PlyCount "0"]
[EventDate "2023.07.25"]
[EventRounds "7"]
[EventCountry "ENG"]

1. e4 e6 2. d4 d5 3. exd5 exd5 4. Bd3 Bd6 5. Nf3 Nf6 6. Qe2+ Be6 7. O-O O-O 8. Be3
Nbd7 9. Nbd2 c6 10. c4 Bg4 11. Rac1 Qc7 12. h3 Bh5 13. Rfe1 Rfe8 14. Qd1 dxc4 15.
Bxc4 Rad8 16. Qc2 Nb6 17. Bd3 Nbd5 18. Bg5 h6 19. Bh4 g5 20. g4 Nb4 21. Qb3 Nxd3
22. Qxd3 Bg6 23. Qc3 gxh4 24. d5 Nxd5 25. Qc4 Nf4 26. Kh2 Nd3+  0-1

[Event "British Chess Championships 2023: U10 Championship"]
[Site "De Montfort University, 20 Western Boulevard, Leicester, LE2 7BU"]
[Date "2023.07.26"]
[Round "2"]
[Board "9"]
[White "Keshari, Krish"]
[Black "Helsby, Matthew"]
[Result "1-0"]
[WhiteElo "1623"]
[BlackElo "1316"]
[PlyCount "0"]
[EventDate "2023.07.25"]
[EventRounds "7"]
[EventCountry "ENG"]

1. e4 e5 2. Nf3 Nc6 3. d4 exd4 4. Nxd4 Bc5 5. Be3 Bb6 6. Nc3 Nge7 7. Qd2 d6 8. O-O-O
Bd7 9. Bc4 O-O 10. f3 Ne5 11. Be2 a6 12. g4 N7c6 13. h4 Bxd4 14. Bxd4 Nxd4 15. Qxd4
Re8 16. g5 Nc6 17. Qf2 b5 18. h5 Qxg5+ 19. f4 Qh6 20. Bd3 Ne5 21. Nd5 Rac8 22. Rdg1
Be6 23. Ne3 Nxd3+ 24. cxd3 Kh8 25. f5 Bxa2 26. Kc2 f6 27. b3 a5 28. Kb2 Bxb3 29.
Kxb3 a4+ 30. Ka2 b4 31. Ng4 Qg5 32. Ne5 dxe5 33. Rxg5 fxg5 34. Qd2 b3+ 35. Ka3 Rb8
36. Rb1 g4 37. Qg5 Red8 38. f6 gxf6 39. Qxf6+ Kg8 40. h6 Rd7 41. Rg1 Rf7 42. Rxg4+
Kf8 43. Qh8+ Ke7 44. Qxb8 Rf2 45. Qxc7+ Kf6 46. Qd6+ Kf7 47. Rg7+  1-0

[Event "British Chess Championships 2023: U10 Championship"]
[Site "De Montfort University, 20 Western Boulevard, Leicester, LE2 7BU"]
[Date "2023.07.26"]
[Round "2"]
[Board "11"]
[White "Mittal, Advik"]
[Black "Nguyen, Lam Vy Le"]
[Result "1-0"]
[WhiteElo "1544"]
[BlackElo "1244"]
[PlyCount "0"]
[EventDate "2023.07.25"]
[EventRounds "7"]
[EventCountry "ENG"]

1. d4 d5 2. Bf4 Nf6 3. Nf3 c5 4. c3 e6 5. e3 Nc6 6. Bb5 a6 7. Bxc6+ bxc6 8. Qa4 Bd7
9. Nbd2 cxd4 10. exd4 c5 11. Qd1 Be7 12. O-O O-O 13. Ne5 Bb5 14. Re1 cxd4 15. cxd4
Nd7 16. a4 Nxe5 17. Bxe5 Bd3 18. Re3 Bg6 19. Rc1 Bf6 20. Bxf6 Qxf6 21. Nb3 Qe7 22.
Nc5 a5 23. Qe2 Rfc8 24. Rec3 h6 25. Qe5 Kh7 26. h3 Rc6 27. f4 Rac8 28. Re1 Qc7 29.
g4 Qxe5 30. fxe5 Be4 31. Rf1 Kg6 32. Re3 Rb6 33. Rf2 Rb4 34. Rd2 Kg5 35. Rc3 Bg6
36. Nxe6+ fxe6 37. Rxc8 Rxa4 38. Rc6 Ra1+ 39. Kf2 Bf7 40. Kg3 h5 41. Rf2 h4+ 42.
Kf3 Re1 43. Re2 Rf1+ 44. Kg2 Rf4 45. Rf2 Bg8 46. Rxf4 Kxf4 47. Rc8 Bh7 48. Rc7 Ke3
49. Rxg7 Be4+ 50. Kf1 Kxd4 51. Ra7 Kxe5 52. Rxa5 Kf4 53. Ra3 d4 54. b4 d3 55. Kf2
e5 56. b5 Bd5 57. Rxd3 Bc4 58. Rf3+ Ke4 59. b6 Ba6 60. Ra3 Bb7 61. Ra7 Bc6 62. b7
Bxb7 63. Rxb7 Kf4 64. Rf7+ Kg5 65. Rf5+ Kg6 66. Rxe5 Kf6 67. Rh5 Kg6 68. Rxh4 Kg5
69. Rh5+ Kg6 70. Rf5 Kh6 71. h4 Kg6 72. Kf3 Kg7 73. Kf4 Kg6 74. h5+ Kh6 75. Rf6+
Kg7 76. Kg5 Kh7 77. Ra6 Kg7 78. Ra7+ Kf8 79. h6 Ke8 80. h7 Kd8 81. h8=Q#  1-0

[Event "British Chess Championships 2023: U10 Championship"]
[Site "De Montfort University, 20 Western Boulevard, Leicester, LE2 7BU"]
[Date "2023.07.26"]
[Round "2"]
[Board "12"]
[White "Horwood, Alexander"]
[Black "Parikh, Aadhya"]
[Result "1-0"]
[WhiteElo "1442"]
[BlackElo "794"]
[PlyCount "0"]
[EventDate "2023.07.25"]
[EventRounds "7"]
[EventCountry "ENG"]

1. e4 e5 2. Nf3 Nc6 3. d4 f6 4. Bc4 h6 5. dxe5 fxe5 6. Nxe5 Nxe5 7. Qh5+ g6 8. Qxe5+
Be7 9. Qxh8 d6 10. Qxg8+ Bf8 11. Qf7#  1-0

[Event "British Chess Championships 2023: U10 Championship"]
[Site "De Montfort University, 20 Western Boulevard, Leicester, LE2 7BU"]
[Date "2023.07.26"]
[Round "2"]
[Board "13"]
[White "Edwards, Laurence"]
[Black "Gopikrishna, Ashwin"]
[Result "0-1"]
[WhiteElo "1263"]
[BlackElo "881"]
[PlyCount "0"]
[EventDate "2023.07.25"]
[EventRounds "7"]
[EventCountry "ENG"]

1. d4 e6 2. c4 Nf6 3. Nc3 Bb4 4. Qb3 Bxc3+ 5. Qxc3 d5 6. b3 Ne4 7. Qd3 c6 8. Ba3
Na6 9. Nf3 Qa5+ 10. b4 Nxb4 11. Bxb4 Qxb4+ 12. Nd2 Qxd2+ 13. Qxd2 Nxd2 14. Kxd2 dxc4
15. e4 b5 16. d5 cxd5 17. exd5 exd5 18. a4 b4 19. Be2 Bf5 20. Rhe1 c3+ 21. Kc1 Kd7
22. Bb5+ Kd6 23. Rb1 Bxb1 24. Kxb1 a6 25. Bd3 Rhe8 26. Rf1 Re7 27. Ka2 Rae8 28. Bxa6
Re1 29. Rxe1 Rxe1 30. Kb3 c2 31. Kxc2 Rg1 32. Kb3 Rxg2 33. Kxb4 Rxf2 34. a5 Rb2+
35. Ka4 Kc5 36. h3 Ra2+ 37. Kb3 Rxa5 38. Bd3 Rb5+ 39. Kc2 d4 40. h4 h6 41. Kd2 Rb3
42. Ba6 d3 43. Bxd3 Rxd3+ 44. Kxd3 Kd5 45. Ke3 Ke5 46. Kf3 Kf5 47. Kg3 h5 48. Kf3
g5 49. Kg3 g4 50. Kg2 Kf4 51. Kg1 Kf3 52. Kh2 g3+ 53. Kg1 g2 54. Kh2 Kf2 55. Kh3
g1=R 56. Kh2 Rg3 57. Kh1 Rh3+  0-1

[Event "British Chess Championships 2023: U10 Championship"]
[Site "De Montfort University, 20 Western Boulevard, Leicester, LE2 7BU"]
[Date "2023.07.26"]
[Round "2"]
[Board "14"]
[White "Marsden, Oscar"]
[Black "Mittal, Rutva"]
[Result "1-0"]
[WhiteElo "1307"]
[BlackElo "623"]
[PlyCount "0"]
[EventDate "2023.07.25"]
[EventRounds "7"]
[EventCountry "ENG"]

1. d4 d5 2. Bf4 Nc6 3. Nf3 Nf6 4. e3 Bf5 5. c4 e6 6. Nc3 Bb4 7. Bd3 Ne4 8. Qc2 O-O
9. O-O Bxc3 10. bxc3 dxc4 11. Bxe4 Bg4 12. Qa4 Qd7 13. Qxc4 f5 14. Bxc6 bxc6 15.
Ne5 Qd5 16. Qxc6 Qxc6 17. Nxc6 Be2 18. Rfe1 Bb5 19. Ne5 Rad8 20. Rab1 a6 21. Red1
Ba4 22. Rd2 Rb8 23. Rdb2 Bc2 24. Rxb8 Bxb1 25. Rxb1 Rd8 26. Nc6 Rf8 27. Rb8 Rxb8
28. Nxb8 a5 29. Bxc7 g5 30. Bxa5 h5 31. Bd8 g4 32. f3 Kf8 33. fxg4 hxg4 34. a4 Ke8
35. Bb6 Ke7 36. a5 Kd6 37. a6 g3 38. a7 gxh2+ 39. Kxh2 f4 40. exf4 e5 41. a8=Q Ke6
42. Qc6+ Kf5 43. fxe5 Kf4 44. Qf3+ Kg5 45. Qe4 Kh6 46. Qg4 Kh7 47. Qg5 Kh8 48. Nd7
Kh7 49. Nf6+ Kh8 50. Qg8#  1-0

[Event "British Chess Championships 2023: U10 Championship"]
[Site "De Montfort University, 20 Western Boulevard, Leicester, LE2 7BU"]
[Date "2023.07.26"]
[Round "2"]
[Board "15"]
[White "Ahmad, Layth"]
[Black "Jha, Advay"]
[Result "1/2-1/2"]
[WhiteElo "920"]
[BlackElo "1328"]
[PlyCount "0"]
[EventDate "2023.07.25"]
[EventRounds "7"]
[EventCountry "ENG"]

1. e4 e5 2. Nf3 Nc6 3. d4 d6 4. d5 Nce7 5. h3 Nf6 6. Nc3 c6 7. Bc4 cxd5 8. Bxd5 Qa5
9. O-O Bd7 10. Bg5 Nfxd5 11. Nxd5 Nxd5 12. exd5 h6 13. Bd2 Qc7 14. Bb4 Be7 15. Rc1
Bf5 16. c4 Qb6 17. Ba3 O-O 18. Rc3 Rfc8 19. Qc1 Qa6 20. b4 b6 21. b5 Qa4 22. Qd1
Qxd1 23. Rxd1 Rc7  1/2-1/2

[Event "British Chess Championships 2023: U10 Championship"]
[Site "De Montfort University, 20 Western Boulevard, Leicester, LE2 7BU"]
[Date "2023.07.26"]
[Round "2"]
[Board "16"]
[White "Hill, Callum"]
[Black "Mehta, Zara"]
[Result "1-0"]
[WhiteElo "1150"]
[BlackElo "990"]
[PlyCount "0"]
[EventDate "2023.07.25"]
[EventRounds "7"]
[EventCountry "ENG"]

1. e4 e5 2. Nf3 Nc6 3. d4 exd4 4. Bc4 Bc5 5. c3 dxc3 6. Bxf7+ Kf8 7. Nxc3 Qf6 8.
Bc4 Bb4 9. Bd2 Qe7 10. Qe2 Nf6 11. Bd3 d6 12. O-O Bg4 13. Qd1 Nd4 14. Be2 Bxc3 15.
Bxc3 Nxe2+ 16. Qxe2 Qxe4 17. Qxe4 Nxe4 18. Nd4 Nxc3 19. bxc3 Re8 20. Nb5 c5 21. Nxd6
Rb8 22. Rab1 b6 23. f3 Be6 24. Rfe1 Bxa2 25. Ra1 Rd8 26. Rxa2 Rxd6 27. Rxa7 Rd8 28.
Rb7 Re8 29. Rxe8+ Kxe8 30. Rb8+ Kd7 31. Rxh8 Kc6 32. Kf2 b5 33. Ke3 b4 34. cxb4 cxb4
35. Kd4 Kb5 36. Rb8+ Ka4 37. Kc4  1-0

[Event "British Chess Championships 2023: U10 Championship"]
[Site "De Montfort University, 20 Western Boulevard, Leicester, LE2 7BU"]
[Date "2023.07.26"]
[Round "2"]
[Board "17"]
[White "Bedford, Rudi"]
[Black "Qin, Charlie"]
[Result "0-1"]
[WhiteElo "1089"]
[BlackElo "909"]
[PlyCount "0"]
[EventDate "2023.07.25"]
[EventRounds "7"]
[EventCountry "ENG"]

1. e4 e5 2. Nf3 Nc6 3. Bc4 Nd4 4. O-O Nxf3+ 5. Qxf3 Nf6 6. Nc3 Bb4 7. a3 Bxc3 8.
dxc3 Qe7 9. Be3 O-O 10. Rfd1 d6 11. h3 Be6 12. Bd5 h6 13. b3 Nxd5 14. exd5 Bd7 15.
Qg3 f5 16. f4 Rf7 17. Re1 Raf8 18. c4 a6 19. b4 Ba4 20. Rac1 b6 21. Qf2 b5 22. c5
Rd8 23. c4 bxc4 24. Rxc4 Bb3 25. Rc3 Bxd5 26. cxd6 cxd6 27. Bb6 Rb8 28. Rc7 Qe8 29.
Rec1 Rxc7 30. Rxc7 Rb7 31. Qd2 Be4 32. Qxd6 exf4 33. Qxf4 Rxb6 34. Qg3 Qg6 35. Qb3+
Kh7 36. g3 Qd6 37. Qc3 Qd1+ 38. Kf2 Rg6 39. Qe3 h5 40. Rc1 Qd5 41. Ra1 Qe5 42. Rg1
Qb2+ 43. Ke1 h4 44. g4 Rc6 45. Qd2 Rc1+ 46. Ke2 Qxd2+  0-1

[Event "British Chess Championships 2023: U10 Championship"]
[Site "De Montfort University, 20 Western Boulevard, Leicester, LE2 7BU"]
[Date "2023.07.26"]
[Round "2"]
[Board "18"]
[White "Wen, Max"]
[Black "Babu, Rohan"]
[Result "0-1"]
[WhiteElo "890"]
[BlackElo "1087"]
[PlyCount "0"]
[EventDate "2023.07.25"]
[EventRounds "7"]
[EventCountry "ENG"]

1. e4 e5 2. Nf3 Nc6 3. Bb5 a6 4. Ba4 b5 5. Bb3 Bc5 6. Nxe5 Nxe5 7. d4 Ng6 8. dxc5
Nf6 9. Nc3 Bb7 10. Bg5 h6 11. Bxf6 Qxf6 12. O-O O-O 13. Re1 Rad8 14. Nd5 Bxd5 15.
exd5 Qxb2 16. Rb1 Qf6 17. c4 c6 18. cxb5 axb5 19. Re3 Rfe8 20. Rf3 Nf4 21. Qd2 Ne2+
22. Kf1 Qg6 23. Bc2 Qh5 24. Rh3 Qxd5 25. Qxd5 cxd5 26. Rxb5 Nd4 27. Rb2 Re2 28. Rc3
Rde8 29. f3 Re1+ 30. Kf2 R8e2+ 31. Kg3 g6 32. a4 Rc1 33. a5 Nxc2 34. Rcb3 Rg1 35.
a6 Rgxg2+ 36. Kh3 Rxh2+ 37. Kg3 g5 38. a7 Reg2#  0-1

[Event "British Chess Championships 2023: U10 Championship"]
[Site "De Montfort University, 20 Western Boulevard, Leicester, LE2 7BU"]
[Date "2023.07.26"]
[Round "2"]
[Board "19"]
[White "Pugaciauskas, Dominic"]
[Black "Patel, Parisa"]
[Result "1-0"]
[WhiteElo "1077"]
[BlackElo "873"]
[PlyCount "0"]
[EventDate "2023.07.25"]
[EventRounds "7"]
[EventCountry "ENG"]

1. e4 e5 2. Nc3 Nf6 3. f4 exf4 4. e5 Qe7 5. Qe2 Ng8 6. Nf3 d6 7. Nd5 Qd7 8. exd6+
Qe6 9. Nxc7+ Kd8 10. Nxe6+ Bxe6 11. Ng5 Bxd6 12. Nxe6+ fxe6 13. Qxe6 Be7 14. Qd5+
Kc8 15. Qc4+ Nc6 16. Qxf4 Nf6 17. Be2 Kd7 18. Bg4+ Ke8 19. d3 Kf7 20. Qc4+ Ke8 21.
Bg5 h6 22. Bxf6 Bxf6 23. Bh5+ Kd8 24. Qd5+ Kc7 25. c3 Rad8 26. Qf7+ Kc8 27. Bg4+
Kb8 28. Bf3 Rxd3 29. Bxc6 bxc6 30. Qb3+ Ka8 31. Rd1 Re8+ 32. Kf1 Rb8 33. Qxb8+ Kxb8
34. Rxd3  1-0

[Event "British Chess Championships 2023: U10 Championship"]
[Site "De Montfort University, 20 Western Boulevard, Leicester, LE2 7BU"]
[Date "2023.07.26"]
[Round "2"]
[Board "20"]
[White "Sarwar, Adam"]
[Black "Ragam, Aaryan"]
[Result "1-0"]
[WhiteElo "854"]
[BlackElo "1041"]
[PlyCount "0"]
[EventDate "2023.07.25"]
[EventRounds "7"]
[EventCountry "ENG"]

1. e4 c6 2. d4 d5 3. exd5 cxd5 4. Nf3 Nf6 5. c4 Bg4 6. cxd5 Nxd5 7. h3 Bh5 8. Be2
Nc6 9. O-O e6 10. Nc3 Nf6 11. Bg5 Be7 12. Re1 h6 13. Bh4 Qb6 14. Qd2 O-O 15. Ne5
Bxe2 16. Rxe2 Rfd8 17. Nxc6 bxc6 18. Rd1 c5 19. d5 g5 20. Bxg5 hxg5 21. Qxg5+ Kf8
22. d6 Rxd6 23. Rxd6 Qxd6 24. Qh6+ Kg8 25. Re3 Nd5 26. Rg3+ Qxg3 27. fxg3 Nxc3 28.
bxc3 Rd8 29. Kf2 Rd3 30. Qc1 Rd5 31. h4 Rf5+ 32. Kg1 Bd6 33. g4 Rd5 34. c4 Re5 35.
h5 Re4 36. g5 Bg3 37. Kf1 Re1+ 38. Qxe1 Bxe1 39. Kxe1 Kh7 40. Kf2 Kg7 41. h6+ Kg6
42. Ke3 f5 43. Kf4 Kf7 44. Ke5 a5 45. a4 f4 46. Kxf4 Kg6 47. Ke5 Kf7 48. Kd6 Kg6
49. Kxe6 Kh7 50. Kf6 Kh8 51. g6 Kg8 52. g7 Kh7 53. Kf7 Kxh6 54. g8=Q Kh5 55. Kf6
Kh4 56. Kf5 Kh5 57. Qg5  1-0

[Event "British Chess Championships 2023: U10 Championship"]
[Site "De Montfort University, 20 Western Boulevard, Leicester, LE2 7BU"]
[Date "2023.07.26"]
[Round "2"]
[Board "21"]
[White "Hu, Hector"]
[Black "Rao, Saachi"]
[Result "0-1"]
[WhiteElo "1016"]
[BlackElo "870"]
[PlyCount "0"]
[EventDate "2023.07.25"]
[EventRounds "7"]
[EventCountry "ENG"]

1. d4 Nf6 2. Nf3 g6 3. Bf4 Bg7 4. e3 d6 5. Bd3 Bg4 6. Nbd2 O-O 7. h3 Be6 8. O-O Nc6
9. e4 d5 10. e5 Nh5 11. Be3 f6 12. g4 fxe5 13. gxh5 e4 14. Nxe4 dxe4 15. Bxe4 Bxh3
16. Re1 Rf6 17. h6 Bh8 18. Bg5 Rf7 19. c3 Bf5 20. Qd3 Bxe4 21. Qxe4 Rf5 22. Kg2 Bf6
23. Qe6+ Kf8 24. Bxf6 Rxf6 25. Qe4 Kg8 26. Ng5 Qf8 27. Qh4 Rf4 28. Qg3 Qf6 29. Ne6
Rf5 30. Qxc7 Rxf2+ 31. Kg1 Qf3 32. Nf4 Qg3+  0-1

[Event "British Chess Championships 2023: U10 Championship"]
[Site "De Montfort University, 20 Western Boulevard, Leicester, LE2 7BU"]
[Date "2023.07.26"]
[Round "2"]
[Board "22"]
[White "Calvert, William"]
[Black "Bednaya, Julia"]
[Result "0-1"]
[WhiteElo "806"]
[BlackElo "1008"]
[PlyCount "0"]
[EventDate "2023.07.25"]
[EventRounds "7"]
[EventCountry "ENG"]

1. e4 e5 2. Nf3 Nc6 3. Bc4 Bc5 4. Nc3 Nf6 5. O-O d6 6. d3 h6 7. Be3 Bb6 8. d4 Bg4
9. h3 Bh5 10. d5 Ne7 11. Be2 O-O 12. Nh4 Bxe2 13. Qxe2 c6 14. Nf5 Nxf5 15. exf5 cxd5
16. Bd2 Qd7 17. Qf3 Rac8 18. Nxd5 Nxd5 19. Qxd5 Qc6 20. Qd3 Qxc2 21. Qe2 Ba5 22.
Rfd1 Qxb2 23. f6 g6 24. Rab1 Qa3 25. Qg4 Bxd2 26. Rxd2 Rc1+ 27. Rxc1 Qxc1+ 28. Qd1
Qxd1+ 29. Rxd1 Rd8 30. Rb1 b6 31. Rb3 Re8 32. Ra3 Ra8 33. Ra4 Kf8 34. Rh4 h5 35.
g4 Ke8 36. gxh5 gxh5 37. Rxh5 Kd7 38. Rh7 Ke6 39. Rh6 Rg8+ 40. Kh2 Rg6 41. Rh4 Rxf6
42. Rh7 Rxf2+ 43. Kh1 Rxa2  0-1

[Event "British Chess Championships 2023: U10 Championship"]
[Site "De Montfort University, 20 Western Boulevard, Leicester, LE2 7BU"]
[Date "2023.07.26"]
[Round "2"]
[Board "23"]
[White "Saxena, Reyansh"]
[Black "Shankar, Yashwardhan"]
[Result "0-1"]
[WhiteElo "1001"]
[BlackElo "817"]
[PlyCount "0"]
[EventDate "2023.07.25"]
[EventRounds "7"]
[EventCountry "ENG"]

1. e4 c5 2. Nf3 d6 3. c3 Nf6 4. Be2 g6 5. O-O Bg7 6. d3 O-O 7. Be3 b5 8. d4 cxd4
9. Bxd4 a6 10. e5 dxe5 11. Nxe5 Bb7 12. Bf3 Bxf3 13. Qxf3 Nbd7 14. Nc6 Qe8 15. Re1
e6 16. Nd2 Nd5 17. Bxg7 Kxg7 18. h3 Rc8 19. Nd4 N7f6 20. Ne4 Nxe4 21. Qxe4 Kg8 22.
Rac1 Nf6 23. Qh4 Nh5 24. Re4 Qd8 25. Qxd8 Rcxd8 26. Nc6 Rd6 27. Nd4 Nf6 28. Re2 Rc8
29. Rce1 b4 30. Re3 bxc3 31. bxc3 Nd5 32. Rg3 Rxc3 33. Rxc3 Nxc3 34. Re3 Nd1 35.
Rd3 Nb2 36. Rd2 Nc4 37. Rd1 e5  0-1